书目信息 |
| 题名: |
梁实秋闲适小品
|
|
| 作者: | 梁实秋 著 | |
| 分册: | ||
| 出版信息: | 杭州 浙江文艺出版社 2016 |
|
| 页数: | 205页 | |
| 开本: | 19cm | |
| 丛书名: | ||
| 单 册: | ||
| 中图分类: | I266.3 | |
| 科图分类: | ||
| 主题词: | 小品文--xiao pin wen--作品集--中国--现代 | |
| 电子资源: | ||
| ISBN: | 978-7-5339-4342-4 | |
| 000 | 00659nam0 22002291 450 | |
| 001 | 0122100847 | |
| 005 | 20170322100847.0 | |
| 010 | @a978-7-5339-4342-4@dCNY20.00 | |
| 100 | @a20160414d2016 em y0chiy50 ea | |
| 101 | 0 | @achi |
| 102 | @aCN@b330000 | |
| 105 | @ay z 000cy | |
| 106 | @ar | |
| 200 | 1 | @a梁实秋闲适小品@9liang shi qiu xian shi xiao pin@f梁实秋著 |
| 210 | @a杭州@c浙江文艺出版社@d2016 | |
| 215 | @a205页@d19cm | |
| 300 | @a大师小品 | |
| 606 | 0 | @a小品文@9xiao pin wen@x作品集@y中国@z现代 |
| 690 | @aI266.3@v5 | |
| 701 | 0 | @a梁实秋@9liang shi qiu@f(1902~1987)@4著 |
| 801 | 0 | @aCN@bTANGWEI@c20170308 |
| 905 | @b0960302-5@dI266.3@e2120@f4 | |
| 梁实秋闲适小品/梁实秋著.-杭州:浙江文艺出版社,2016 |
| 205页;19cm |
| 大师小品 |
| ISBN 978-7-5339-4342-4:CNY20.00 |
| ● |
| 相关链接 |
|
|
|
|
正题名:梁实秋闲适小品
索取号:I266.3/2120
 
预约/预借
| 序号 | 登录号 | 条形码 | 馆藏地/架位号 | 状态 | 备注 |
| 1 | 0960302 | 209603026 | 第一样本阅览室/ [索取号:I266.3/2120] | 在馆 | |
| 2 | 0960303 | 209603035 | 第二借阅区/ [索取号:I266.3/2120] | 在馆 | |
| 3 | 0960304 | 209603044 | 第二借阅区/ [索取号:I266.3/2120] | 在馆 | |
| 4 | 0960305 | 209603053 | 第二借阅区/ [索取号:I266.3/2120] | 在馆 |